Culture Générale - Série 2288 - Statistiques

Statistiques générales
  • Ce quiz a été pris 137 fois
  • Le résultat moyen est 5 sur 10
Statistiques - réponses
Question Réponse % Correct
Sous l'effet d'une vive émotion, on dit que le coeur bat la ... chamade
99%
A quel auteur français est associé l'épisode de la madeleine ? prénom et nom - voir photo Marcel Proust
78%
Dans la pièce de Molière comment s'appelle le personnage de "L'avare" ? Harpagon
67%
Quelle est la capitale du Kazakhstan depuis 2019 ? Noursoultan
58%
A quel chanteur doit-on le tube "Born to be alive" en 1979 ? prénom et nom Patrick Hernandez
56%
Dans quel art peut-on parler de "rubato" ? Musique
43%
Quelle bataille décisive remporta Napoléon Bonaparte le 14 juin 1800 et dont le nom est associé à diverses préparations culinaires ? Marengo
32%
Quel est l'auteur de la série "Alix" -esclave d'origine gauloise devenu citoyen romain et proche de César-, créée en 1948 ? prénom et nom Jacques Martin
18%
Combien de kilo-octets font 1 mégaoctet ? 1024
12%
Sous quel sobriquet connait-on le créateur de la bande dessinée "Achille Talon" en 1963 ? Greg
12%
Aucun quiz correspondant
Distribution des résultats
% des personnes avec chaque résultat
Percentile par nombre de réponses
Votre historique - résultats
Vous n’avez pas pris ce quiz